Terrorist suicide bombings : (Record no. 14876)

000 -LEADER
fixed length control field 01280cam a2200325 a 4500
001 - CONTROL NUMBER
control field 16938751
003 - CONTROL NUMBER IDENTIFIER
control field OSt
005 - DATE AND TIME OF LATEST TRANSACTION
control field 20170105102906.0
008 - FIXED-LENGTH DATA ELEMENTS--GENERAL INFORMATION
fixed length control field 110829s2012 flua b 001 0 eng
010 ## - LIBRARY OF CONGRESS CONTROL NUMBER
LC control number 2011036200
020 ## - INTERNATIONAL STANDARD BOOK NUMBER
International Standard Book Number 9781439871317 (hbk. : acidfree paper)
040 ## - CATALOGING SOURCE
Original cataloging agency DLC
Transcribing agency DLC
Modifying agency DLC
042 ## - AUTHENTICATION CODE
Authentication code pcc
043 ## - GEOGRAPHIC AREA CODE
Geographic area code n-us---
050 00 - LIBRARY OF CONGRESS CALL NUMBER
Classification number HV6431
Item number .D98 2012
082 00 - DEWEY DECIMAL CLASSIFICATION NUMBER
Classification number 363.325
Edition number 23
Author Mark DZI 2012
100 1# - MAIN ENTRY--PERSONAL NAME
Personal name Dzikansky, Mordecai Z.
245 10 - TITLE STATEMENT
Title Terrorist suicide bombings :
Remainder of title attack interdiction, mitigation, and response /
Statement of responsibility, etc. Mordecai Dzikansky, Gil Kleiman, Robert Slater.
260 ## - PUBLICATION, DISTRIBUTION, ETC.
Place of publication, distribution, etc. Boca Raton :
Name of publisher, distributor, etc. CRC Press,
Date of publication, distribution, etc. c2012.
300 ## - PHYSICAL DESCRIPTION
Extent xxx, 312 p :
Other physical details ill. ;
Dimensions 25 cm.
504 ## - BIBLIOGRAPHY, ETC. NOTE
Bibliography, etc. note Includes bibliographical references and index.
650 #0 - SUBJECT ADDED ENTRY--TOPICAL TERM
Topical term or geographic name entry element Suicide bombings.
650 #0 - SUBJECT ADDED ENTRY--TOPICAL TERM
Topical term or geographic name entry element Suicide bombings
Geographic subdivision United States.
650 #0 - SUBJECT ADDED ENTRY--TOPICAL TERM
Topical term or geographic name entry element Terrorism
Geographic subdivision United States
General subdivision Prevention.
700 1# - ADDED ENTRY--PERSONAL NAME
Personal name Kleiman, Gil.
700 1# - ADDED ENTRY--PERSONAL NAME
Personal name Slater, Robert,
Dates associated with a name 1943-
906 ## - LOCAL DATA ELEMENT F, LDF (RLIN)
a 7
b cbc
c orignew
d 1
e ecip
f 20
g y-gencatlg
942 ## - ADDED ENTRY ELEMENTS (KOHA)
Source of classification or shelving scheme
Koha item type Book
Holdings
Withdrawn status Lost status Damaged status Not for loan Collection code Permanent Location Current Location Shelving location Date acquired Total Checkouts Total Renewals Full call number Barcode Date last seen Date last checked out Price effective from Koha item type
          Centre for International Peace & Stability (CIPS) Centre for International Peace & Stability (CIPS) General Stacks 10/02/2013 2 1 363.325 DZI 2012 CIPS0001998 01/05/2026 10/22/2025 10/24/2013 Book
© 2023 Central Library, National University of Sciences and Technology. All Rights Reserved.